Monumento megalítico y petroglifos de Chacuey, República Dominicana / (Record no. 35765)

MARC details
000 -LEADER
campo de control de longitud fija 00757nam a2200193 i 4500
001 - NÚMERO DE CONTROL
campo de control 35765
003 - IDENTIFICADOR DE NÚMERO DE CONTROL
campo de control ES-MaACL
005 - FECHA Y HORA DE LA ÚLTIMA TRANSACCIÓN
campo de control 20230906155216.0
007 - CAMPO FIJO DE DESCRIPCIÓN FÍSICA--INFORMACIÓN GENERAL
campo de control de longitud fija t|
008 - DATOS DE LONGITUD FIJA--INFORMACIÓN GENERAL
campo de control de longitud fija 030214s1955 dr af |||| | spa d
100 1# - ENTRADA PRINCIPAL--NOMBRE DE PERSONA
Nombre de persona Boyrie Moya, Emile de.
9 (RLIN) 31201
245 10 - MENCIÓN DEL TÍTULO
Título Monumento megalítico y petroglifos de Chacuey, República Dominicana /
Mención de responsabilidad, etc. por Emile de Boyrie Moya.
260 ## - PUBLICACIÓN, DISTRIBUCIÓN, ETC.
Lugar de publicación, distribución, etc. Ciudad Trujillo :
Nombre del editor, distribuidor, etc. Caribe,
Fecha de publicación, distribución, etc. [1955]
300 ## - DESCRIPCIÓN FÍSICA
Extensión 233 p., 63 lám. :
Otras características físicas 2 gráf., il. ;
Dimensiones 22 cm.
500 ## - NOTA GENERAL
Nota general Precede al tít.: Universidad de Santo Domingo, Instituto Dominicano de Investigaciones Antropológicas.
650 #4 - PUNTO DE ACCESO ADICIONAL DE MATERIA--TÉRMINO DE MATERIA
Término de materia o nombre geográfico como elemento de entrada Monumentos megalíticos-
Subdivisión geográfica Chacuey (República Dominicana)
9 (RLIN) 169315
710 2# - ENTRADA AGREGADA--NOMBRE DE ENTIDAD CORPORATIVA
Nombre de entidad corporativa o nombre de jurisdicción como elemento de entrada Universidad de Santo Domingo.
9 (RLIN) 7299
852 ## - LOCALIZACIÓN
Ubicación ES-MaACL
Número de control de estantería C-11277
Holdings
Estatus retirado Estado de pérdida Estado de daño No para préstamo Biblioteca de origen Biblioteca actual Ubicación en estantería Fecha de adquisición Fuente de adquisición Total de préstamos Signatura topográfica completa Código de barras Visto por última vez Precio de reemplazo Tipo de ítem Koha
        Biblioteca del Ateneo de Madrid Biblioteca del Ateneo de Madrid Sala Palomar 17/01/2008     C-11277 1037466 23/02/2023 23/02/2023 Libro impreso